Rois de Juda et d'Israël (noms) - Statistiques

Statistiques générales
  • Ce quiz a été pris 134 fois
  • Le résultat moyen est 10 sur 43
Statistiques - réponses
Hint Réponse % Correct
1010-970 David
96%
970-931 Salomon
91%
1030-1010 Saül
65%
930-910 Jéroboam
49%
784-748 Jéroboam II
49%
640-609 Josias
42%
931-914 Roboam
40%
842-814 Jéhu
36%
885-874 Omri
35%
835-796 Joas
33%
798-784 Joas
33%
874-853 Achab
29%
842-841 Ochozias
29%
853-852 Ochozias
29%
841-835 Athalie
25%
726-697 Ezéchias
25%
845-842 Joram
24%
852-842 Joram
24%
697-642 Manassé
22%
731-722 Osée
22%
885 Zimri
18%
870-845 Josaphat
16%
748-747 Zacharie
16%
736-726 Achaz
15%
911-870 Asa
15%
909-886 Baasha
15%
796-781 Amasias
13%
642-640 Amon
11%
886-885 Ela
11%
737-731 Péqah
11%
597-587 Sédécias
11%
609 Joachaz
9%
814-798 Joachaz
9%
740-736 Jotam
9%
747-738 Ménahem
9%
910-909 Nadab
9%
781-740 Ozias
9%
738-737 Péqahya
9%
1010-1009 Ishbaal
7%
609-598 Joaqim
7%
747 Shallum
7%
914-911 Abiyyam
5%
598-597 Yékonyah
5%
Aucun quiz correspondant
Distribution des résultats
% des personnes avec chaque résultat
Percentile par nombre de réponses
Votre historique - résultats
Vous n’avez pas pris ce quiz